Focus sur: Pallando - Tolkien - Statistiques

Statistiques générales
  • Ce quiz a été pris 10 fois
  • Le résultat moyen est 4 sur 8
Statistiques - réponses
Informations recherchées Réponses % Correct
Espèce Istar/Maia
88%
Première mention Le Seigneur des Anneaux: La Communauté de l'Anneau
88%
Age durant lequel il vécut en Terre du Milieu Troisième
88%
Couleur associée Bleu
63%
Contrées Valinor
38%
Groupe auquel il appartient Ithryn Luin
13%
Valar associés Mandos
13%
Nienna
0%
Aucun quiz correspondant
Distribution des résultats
% des personnes avec chaque résultat
Percentile par nombre de réponses
Votre historique - résultats
Vous n’avez pas pris ce quiz